One Piece: Qui est le capitaine de ce navire ? - Statistiques

Statistiques générales
  • Ce quiz a été pris 309 fois
  • Le résultat moyen est 21 sur 35
Statistiques - réponses
Hint Réponse % Correct
Thousand Sunny Monkey D Luffy
100%
Queen mamma chanter Big Mom
94%
Moby Dick Edward Newgate
92%
Polar Tang Trafalgar D Water Law
92%
Sabre de Xebec Marshall D Teach
89%
Oro Jackson Gol D Roger
88%
Victoria punk Eustass Kidd
86%
Thriller Bark Gecko Moria
86%
Red Force Shanks le roux
86%
Sexy Foxy Foxy le renard argenté
80%
Vogue M'sieur Luffy Bartolomeo
78%
Numancia Flamingo Don Quichotte Doflamingo
78%
Jewelry Margherita Jewelry Bonney
72%
Cheval blanc des bois dormants Cavendish
69%
Big Top Baggy le clown
61%
Nostra Castello Capone Bege
61%
Usoland Leo
60%
Perfume Yuda Boa Hancock
55%
Fier baril Usopp / Nami / Robin
54%
Shark Superb Arlong
51%
Hollandais volants Van der Decken
51%
Grudge dolph Basil Hawkins
50%
Maxime Ener
49%
Peace of Spadil Portgas D Ace
49%
Cooking George Zeff au pied rouge
44%
Miss love duck Alvida
43%
Dreadnaught Sabre Don Krieg
34%
Yonta Maria Orlumbus
33%
Bezan black Kuro
32%
Snapper Head Fisher Tiger
29%
Great Erik Dorry et Broggy
28%
Swanda Bentham
26%
Naglfar Hajrudin
26%
Bliking Wapol
23%
Outgang sonar Shojo
16%
Aucun quiz correspondant
Distribution des résultats
% des personnes avec chaque résultat
Percentile par nombre de réponses
Votre historique - résultats
Vous n’avez pas pris ce quiz